000 01087nam a2200277 a 4500
001 BRCA_4910
005 20190320204844.0
008 201010s1963----mx-a######---#000-0#spa-#
041 _aspa
044 _amx
050 4 _aPQ6323
_b.C47 1963
100 1 _aCervantes Saavedra, Miguel de
_d1547-1616
_9213
245 1 0 _aDon Quijote de la Mancha.
260 _aMéxico
_bBiblioteca Infantil Coleccionable Larín
_c[1963]
300 _a1 v. (sin paginación)
_bil. a color
_c33 cm.
440 0 _aColección Larín
_912430
500 _aÁlbum con 260 estampas que muestran la historia de El ingenioso hidalgo Don Quijote de la Mancha
500 _aEstado físico: deteriorado, tapas desprendidas y lámina faltante con las estampas 127 a la 135
500 _aLibro donado por Alfonso Soto Soria, 1985
650 1 4 _aNovela española
_yÉpoca clásica, 1500-1700
_9215
650 1 4 _aLiteratura española
_yÉpoca clásica, 1500-1700
_9216
650 1 4 _aNovela española
_ySiglo XVII
_9217
650 1 4 _aDon Quijote (Personaje ficticio)
_vNovela
_911664
902 _aQAG
942 _2lcc
_cB
999 _c4604
_d4604